Statistics for U.S. Suburbs Quiz

Click here to take the quiz!

General Stats

  • This quiz has been taken 10,811 times
    (6,104 since last reset)
  • The average score is 12 of 22

Answer Stats

SuburbsCity% Correct
Santa Monica, BurbankLos Angeles
99%
Salem, CambridgeBoston
87%
Tempe, MesaPhoenix
84%
Joliet, EvanstonChicago
72%
Plano, CarrolltonDallas
70%
Chevy Chase, BethesdaWashington, DC
66%
Coral Gables, HialeahMiami
59%
Chula Vista, EscondidoSan Diego
58%
Beaverton, VancouverPortland
56%
Sausalito, Daly CitySan Francisco
55%
Alpharetta, DecaturAtlanta
52%
Golden, CentennialDenver
51%
Kirkland, RedmondSeattle
46%
Racine, WaukeshaMilwaukee
44%
Sugar Land, PearlandHouston
43%
Grosse Pointe, Royal OakDetroit
43%
Murfreesboro, HendersonvilleNashville
40%
Overland Park, ShawneeKansas City
39%
South Jordan, West Valley CitySalt Lake City
32%
Wasilla, PalmerAnchorage
30%
Broken Arrow, Sand SpringsTulsa
26%
Eagle, NampaBoise
22%

Score Distribution

Percentile by Number Answered

Percent of People with Each Score

Your Score History

You have not taken this quiz since the last reset